000 00959nam a2200301Ia 4500
005 20220317001842.0
008 170410s2015 c g 000 f s
020 _a9789584230539
020 _a9584230530
041 _aspa
100 1 _aSábato, Ernesto
_d1911-
245 1 3 _aEl túnel
_cErnesto Sábato
250 _a1a. edición, 5a reimpresión
300 _a189 páginas
_c21 cm
490 _aPlaneta lector : contemporáneo
500 _aIncluye datos biográficos del autor
600 1 4 _aSabato, Ernesto
_d1911- 2011
_vCritica e interpretación
_977954
650 1 4 _2LEMB
_aNovela argentina
_ySiglo XX
650 1 4 _2LEMB
_aLiteratura argentina
_ySiglo XX
650 1 4 _2LEMB
_aNovela psicológica
942 _2loc
_cBKLIT
264 _aBogotá
_bPlaneta
_c2015
336 _atexto
_btxt
_2rdacontent
337 _asin mediación
_bn
_2rdamedia
338 _avolumen
_bnc
_2rdacarrier
040 _aCO-BoRNBP
_bspa
_erda
_cCO-BoRNBP
084 _aN SAB1
999 _c8310
_d8310